[Event "3rd Riga Tech Uni Op"]
[Site "Riga LAT"]
[Date "2013.08.06"]
[Round "2.13"]
[White "Vysochin, Spartak"]
[Black "Payen, Arnaud"]
[Result "1-0"]
[WhiteTitle "GM"]
[BlackTitle "IM"]
[WhiteElo "2531"]
[BlackElo "2318"]
[WhiteFideId "14103516"]
[BlackFideId "600814"]
[EventDate "2013.08.05"]

1. e4 g6 2. d4 Bg7 3. Nc3 c6 4. h3 d5 5. Nf3 dxe4 6. Nxe4 Bf5 7. Ng3 Be6 8. c3
Nf6 9. Bd3 Bd5 10. O-O Bxf3 11. Qxf3 O-O 12. Re1 Nbd7 13. Bf4 Re8 14. a4 a5 15.
Bc4 e6 16. Rad1 Nd5 17. Bc1 N7f6 18. Bb3 b5 19. Nf1 Qc7 20. Nh2 Rac8 21. Qe2 Qb8
22. Nf3 bxa4 23. Bxa4 Nb6 24. Qc2 Nxa4 25. Qxa4 Qb5 26. Qa2 Nd7 27. Nd2 Ra8 28.
Ne4 Reb8 29. Qb1 Qf5 30. Rd3 a4 31. Qc2 Rb3 32. Rf3 Qd5 33. Rd1 Rb7 34. c4 Qh5
35. Rxf7 Kxf7 36. Nd6+ Kg8 37. Nxb7 Rf8 38. Nd6 c5 39. Be3 cxd4 40. Bxd4 Ne5 41.
Ne4 Qf5 42. Qe2 Rd8 43. Bxe5 Rxd1+ 44. Qxd1 Bxe5 45. Nc5 Bxb2 46. Nxa4 Be5 47.
Nc5 Bh2+ 48. Kxh2 Qxc5 49. Qe2 Kf7 50. g3 Ke7 51. Kg1 Qd4 52. Qc2 Kd6 53. Qb3
Qc5 54. Qb8+ Kc6 55. Qf4 Kb6 1-0

[Event "3rd Riga Tech Uni Op"]
[Site "Riga LAT"]
[Date "2013.08.06"]
[Round "2.14"]
[White "Korpa, Bence"]
[Black "Baburin, Alexander"]
[Result "0-1"]
[WhiteTitle "FM"]
[BlackTitle "GM"]
[WhiteElo "2329"]
[BlackElo "2520"]
[WhiteFideId "706671"]
[BlackFideId "2500914"]
[EventDate "2013.08.05"]

1. e4 Nf6 2. e5 Nd5 3. d4 d6 4. c4 Nb6 5. exd6 exd6 6. Nc3 Be7 7. Bd3 Nc6 8.
Nge2 Bg4 9. f3 Bh5 10. O-O Bg6 11. Be3 Bxd3 12. Qxd3 Nb4 13. Qd1 Nxc4 14. Qa4+
c6 15. Qxb4 Nxe3 16. Qxb7 Nxf1 17. Qxc6+ Kf8 18. Rxf1 g6 19. f4 Kg7 20. f5 Re8
21. Qf3 Kh8 22. Nd5 Rb8 23. b4 Bf8 24. fxg6 fxg6 25. Nf6 Re7 26. Nf4 Bh6 27.
N4d5 Rf7 28. Qh3 Qf8 29. Qe6 Bg7 30. a3 Re8 31. Qxe8 Qxe8 0-1

[Event "3rd Riga Tech Uni Op"]
[Site "Riga LAT"]
[Date "2013.08.06"]
[Round "3.1"]
[White "Kovalenko, Igor"]
[Black "Ziska, Helgi Dam"]
[Result "1/2-1/2"]
[WhiteTitle "GM"]
[BlackTitle "IM"]
[WhiteElo "2646"]
[BlackElo "2468"]
[WhiteFideId "14117908"]
[BlackFideId "7200595"]
[EventDate "2013.08.05"]

1. d4 Nf6 2. c4 g6 3. Nc3 Bg7 4. e4 d6 5. h3 O-O 6. Be3 e5 7. d5 Na6 8. Bd3 Nh5
9. g3 Nc5 10. Be2 Nf6 11. Qc2 a5 12. Nf3 Nfd7 13. g4 f5 14. gxf5 gxf5 15. Bg5
Qe8 16. Rg1 Kh8 17. Nb5 fxe4 18. Nd2 Nd3+ 19. Bxd3 exd3 20. Qxd3 Nc5 21. Qg3 Rf7
22. Kf1 Bf5 23. Kg2 Qd7 24. Kh2 Raf8 25. Be3 Nd3 26. Nc3 e4 27. Qh4 Bf6 28. Qh5
Be5+ 29. Kh1 Nxb2 30. Ncxe4 Nxc4 31. Bh6 Nxd2 32. Nxd2 Bg6 33. Qh4 Bf6 34. Qg3
Rg8 35. Rae1 Qf5 36. Nf3 Qxd5 37. Kh2 Qf5 38. Rg2 Qh5 39. Bg5 Bg7 40. Nh4 Bc2
41. f4 Ba4 42. Qd3 Bc6 43. Rg4 Re8 44. Rxe8+ Bxe8 45. Nf5 Bd7 46. Nxg7 Rxg7 47.
Rg3 Qf7 48. Qc3 Kg8 49. Qxa5 Bc6 50. Qa8+ Qe8 51. Qxe8+ Bxe8 52. Bd8 c6 53. Bc7
d5 54. Be5 Rxg3 55. Kxg3 Bd7 56. h4 Kf7 57. Bd4 Kg6 58. Bc5 Kf5 59. Kf3 Be8 60.
a4 Bh5+ 61. Ke3 Kg4 62. Be7 Bg6 63. a5 Bf5 64. Kd4 Kxf4 65. Bg5+ Kf3 66. Bf6 Ke2
67. Kc5 Bd3 68. Kb6 Ba6 69. Kc5 Kd3 70. Bg7 Kc2 71. h5 Kb3 72. h6 Ka4 73. Bc3 d4 1/2-1/2

[Event "3rd Riga Tech Uni Op"]
[Site "Riga LAT"]
[Date "2013.08.06"]
[Round "3.2"]
[White "Burmakin, Vladimir"]
[Black "Collins, Sam E."]
[Result "1/2-1/2"]
[WhiteTitle "GM"]
[BlackTitle "IM"]
[WhiteElo "2565"]
[BlackElo "2463"]
[WhiteFideId "4105109"]
[BlackFideId "2501198"]
[EventDate "2013.08.05"]

1. d4 d5 2. c4 e6 3. Nf3 c5 4. cxd5 exd5 5. g3 Nc6 6. Bg2 Nf6 7. O-O Be7 8. Nc3
O-O 9. Bg5 cxd4 10. Nxd4 h6 11. Be3 Bg4 12. h3 Be6 13. Nxe6 fxe6 14. Qc2 Rc8 15.
Rad1 Bd6 16. Nb5 Be5 17. Qb1 Rf7 18. f4 Bb8 19. Nd4 Qe8 20. Qg6 a6 21. Bf2 Ba7
22. Nxc6 Bxf2+ 23. Rxf2 Qxc6 24. g4 Qb6 25. f5 exf5 26. Kf1 Qxb2 27. Rxf5 Re7
28. Bf3 Rc1 29. Rxc1 Qxc1+ 30. Kg2 Qb2 31. h4 Qd4 32. g5 hxg5 33. Qxg5 Ne4 34.
Qf4 Qf2+ 35. Kh3 Qf1+ 1/2-1/2

[Event "3rd Riga Tech Uni Op"]
[Site "Riga LAT"]
[Date "2013.08.06"]
[Round "3.3"]
[White "Sipila, Vilka"]
[Black "Yemelin, Vasily"]
[Result "1-0"]
[WhiteTitle "IM"]
[BlackTitle "GM"]
[WhiteElo "2474"]
[BlackElo "2564"]
[WhiteFideId "505455"]
[BlackFideId "4113217"]
[EventDate "2013.08.05"]

1. e4 e5 2. f4 exf4 3. Nf3 d5 4. exd5 Nf6 5. Bc4 Nxd5 6. O-O Be7 7. d4 O-O 8.
Bxd5 Qxd5 9. Bxf4 c6 10. Nc3 Qa5 11. Qe1 Be6 12. Qg3 Re8 13. Ne4 Nd7 14. Bh6 Bf8
15. Nd6 Reb8 16. Nh4 Qc7 17. Bxg7 Bxg7 18. Nhf5 Bxf5 19. Rxf5 Nf8 20. Rxf7 Qxf7
21. Nxf7 Kxf7 22. Qb3+ Kg6 23. Rf1 h5 24. Qf7+ Kh6 25. g4 hxg4 26. Rf4 Rd8 27.
Rxg4 Bxd4+ 28. Kg2 Rd7 29. Rh4+ 1-0

[Event "3rd Riga Tech Uni Op"]
[Site "Riga LAT"]
[Date "2013.08.06"]
[Round "3.4"]
[White "Pileckis, Emilis"]
[Black "Miezis, Normunds"]
[Result "1/2-1/2"]
[WhiteTitle "IM"]
[BlackTitle "GM"]
[WhiteElo "2467"]
[BlackElo "2557"]
[WhiteFideId "12802476"]
[BlackFideId "11600136"]
[EventDate "2013.08.05"]

1. Nf3 c5 2. c4 Nf6 3. d4 cxd4 4. Nxd4 e6 5. g3 Nc6 6. Bg2 a6 7. Nc3 Bb4 8. O-O
O-O 9. Na4 d5 10. Be3 Ba5 11. cxd5 exd5 12. Rc1 Ne5 13. Bg5 h6 14. Bxf6 Qxf6 15.
Rc5 Bb4 16. Rxd5 Be7 17. e3 Rb8 18. Nc5 g6 19. Qb3 Rd8 20. Ne4 Qg7 21. Rxd8+
Bxd8 22. Nd6 Bd7 23. f4 Ng4 24. Nxf7 Kh7 25. Ne5 Bf6 26. Ndc6 Bxc6 27. Nxg4 Bxg2
28. Kxg2 Bxb2 29. Rb1 Ba1 30. e4 h5 31. Nf2 Bd4 32. e5 Bxf2 33. Kxf2 b5 34. Rd1
Qa7+ 35. Kg2 Qb7+ 36. Kf2 Qa7+ 37. Ke2 Qb7 38. Ke3 Qb6+ 39. Ke2 Qb7 40. Qd5 b4
41. Qe6 Qe4+ 42. Kf2 Qc2+ 43. Ke1 Qe4+ 44. Kf2 Qc2+ 45. Ke1 Qe4+ 46. Kf2 1/2-1/2

[Event "3rd Riga Tech Uni Op"]
[Site "Riga LAT"]
[Date "2013.08.06"]
[Round "3.5"]
[White "Neiksans, Arturs"]
[Black "Agopov, Mikael"]
[Result "1/2-1/2"]
[WhiteTitle "GM"]
[BlackTitle "IM"]
[WhiteElo "2557"]
[BlackElo "2439"]
[WhiteFideId "11601388"]
[BlackFideId "501840"]
[EventDate "2013.08.05"]

1. e4 c5 2. Nf3 d6 3. d4 cxd4 4. Nxd4 Nf6 5. Nc3 a6 6. Be3 e6 7. Be2 Qc7 8. f4
b5 9. Bf3 Bb7 10. a3 Nbd7 11. Qe2 Be7 12. O-O O-O 13. f5 e5 14. Nb3 Rac8 15.
Rad1 Qb8 16. Bf2 Rfe8 17. g4 h6 18. h4 d5 19. g5 hxg5 20. hxg5 Rxc3 21. bxc3
dxe4 22. Bh1 Nd5 23. f6 Bd6 24. Qg4 Re6 25. fxg7 Rg6 26. Qxd7 Rxg5+ 27. Kh2 Rh5+
28. Kg1 Rg5+ 29. Kh2 Rh5+ 1/2-1/2

[Event "3rd Riga Tech Uni Op"]
[Site "Riga LAT"]
[Date "2013.08.06"]
[Round "3.6"]
[White "Lanka, Zigurds"]
[Black "Ulibin, Mikhail"]
[Result "1/2-1/2"]
[WhiteTitle "GM"]
[BlackTitle "GM"]
[WhiteElo "2427"]
[BlackElo "2553"]
[WhiteFideId "11600047"]
[BlackFideId "4101405"]
[EventDate "2013.08.05"]

1. e4 e6 2. d4 d5 3. exd5 exd5 4. c4 Nf6 5. Nf3 Bb4+ 6. Nc3 O-O 7. Be2 dxc4 8.
O-O Bg4 9. Bxc4 Nc6 10. Be3 Bc8 1/2-1/2

[Event "3rd Riga Tech Uni Op"]
[Site "Riga LAT"]
[Date "2013.08.06"]
[Round "3.7"]
[White "Paravyan, David"]
[Black "Vysochin, Spartak"]
[Result "1/2-1/2"]
[BlackTitle "GM"]
[WhiteElo "2426"]
[BlackElo "2531"]
[WhiteFideId "4194985"]
[BlackFideId "14103516"]
[EventDate "2013.08.05"]

1. d4 e6 2. c4 f5 3. Nc3 Nf6 4. Nf3 Bb4 5. g3 b6 6. Qb3 Bxc3+ 7. Qxc3 O-O 8. Bg2
Bb7 9. O-O d6 10. b3 Qe8 11. Bb2 Nbd7 12. Rad1 Qh5 13. d5 e5 14. Nd2 Rae8 15. e4
Nxe4 16. Nxe4 fxe4 17. Bxe4 Nf6 18. Bf3 Ng4 19. Bxg4 Qxg4 20. f3 Qg6 21. Qd3 Qh5
22. Rde1 Bc8 23. b4 Bd7 24. c5 Rf7 25. Re3 Ref8 26. Rf2 Qh3 27. Qf1 Qh6 28. Bc1
Qg6 29. Qd3 Bf5 30. Qd2 Bg4 31. Qd3 Bf5 32. Qd2 h5 33. Ra3 Be4 34. Qg5 Qxg5 35.
Bxg5 Bxd5 36. Rxa7 Bxf3 37. cxd6 cxd6 38. Rxf7 Rxf7 39. a4 d5 40. Bf4 e4 41. Rd2
Ra7 42. Rxd5 Rxa4 43. Rb5 Ra2 44. Rxb6 Rg2+ 45. Kf1 Rxh2 46. b5 Kf7 47. Rb8 Re2
48. b6 e3 49. b7 Rf2+ 50. Ke1 Rb2 51. Bxe3 Bxb7 52. Bf4 Ke6 53. Re8+ Kf5 54.
Re5+ Kg4 55. Rg5+ Kf3 56. Rxh5 Be4 57. Re5 g6 58. Kd1 Ra2 59. Re7 Ra5 60. Re5
Ra6 61. Kd2 Rc6 62. Kd1 Rc8 63. Kd2 Rc2+ 64. Kd1 Ra2 65. Kc1 Bf5 66. Re7 Kg4 67.
Rg7 Be4 68. Re7 Kf3 69. Re5 Bf5 70. Re3+ Kf2 71. Re5 Bd3 72. Rd5 Be2 73. Rd6 Ra6
74. Rxa6 Bxa6 75. Kd2 g5 76. Bxg5 Kxg3 1/2-1/2

[Event "3rd Riga Tech Uni Op"]
[Site "Riga LAT"]
[Date "2013.08.06"]
[Round "3.8"]
[White "Baburin, Alexander"]
[Black "Dastan, Muhammed Batuhan"]
[Result "1/2-1/2"]
[WhiteTitle "GM"]
[BlackTitle "IM"]
[WhiteElo "2520"]
[BlackElo "2417"]
[WhiteFideId "2500914"]
[BlackFideId "6300014"]
[EventDate "2013.08.05"]

1. d4 d5 2. c4 c6 3. Nf3 Nf6 4. e3 Bf5 5. Nc3 a6 6. Bd3 Bxd3 7. Qxd3 e6 8. O-O
Bb4 9. Bd2 O-O 10. Rfd1 Ba5 11. a3 Nbd7 12. b4 Bc7 13. e4 dxe4 14. Nxe4 Nxe4 15.
Qxe4 Nf6 16. Qe2 h6 17. a4 Qe7 18. a5 Rfe8 19. Bc3 Nd7 20. Rd3 f6 21. Re1 Qf7
22. Re3 Nf8 23. g3 Rad8 24. Nd2 Bb8 25. Nb3 Ba7 26. Re4 Re7 27. Nc5 1/2-1/2

[Event "3rd Riga Tech Uni Op"]
[Site "Riga LAT"]
[Date "2013.08.06"]
[Round "3.10"]
[White "Ponizil, Cyril"]
[Black "Thorfinnsson, Bragi"]
[Result "1/2-1/2"]
[WhiteTitle "IM"]
[BlackTitle "IM"]
[WhiteElo "2421"]
[BlackElo "2493"]
[WhiteFideId "322202"]
[BlackFideId "2300958"]
[EventDate "2013.08.05"]

1. e4 c5 2. Nf3 e6 3. d4 cxd4 4. Nxd4 a6 5. Bd3 Nf6 6. O-O Qc7 7. c4 d6 8. Nc3
g6 9. Qe2 Bg7 10. Rd1 O-O 11. Nf3 Nc6 12. h3 Nd7 13. Bf4 Nce5 14. Rac1 b6 15.
Qe3 Re8 16. Be2 Rb8 17. b3 Bb7 18. Qd2 Bf8 19. Bg5 Nxf3+ 20. Bxf3 Rbc8 21. g3
Qb8 22. Bg2 Bc6 23. Bf4 Ne5 24. a4 Qb7 25. Qd4 f6 26. g4 Be7 27. Qe3 b5 28. axb5
axb5 29. cxb5 Bxb5 30. Nxb5 Qxb5 31. Bf1 Rxc1 32. Rxc1 Qa5 33. Bxe5 Qxe5 34. Bc4
Bf8 35. Rd1 Kh8 36. Qa7 d5 37. exd5 Rd8 38. Qa5 Qb8 39. Qc3 exd5 40. Rxd5 Rxd5
41. Bxd5 Qd8 42. Qf3 Kg7 43. Kg2 Qe7 44. Bc4 Qe5 45. Qb7+ Kh6 46. Bg8 Qe7 47.
Qd5 Qd6 48. Qe4 Qe7 49. Be6 Kg7 50. h4 Qd6 51. Bc4 Qe5 52. Qb7+ Kh6 53. Qf3 Bd6
54. Qe3+ Kg7 55. Kf3 Qxe3+ 56. fxe3 f5 57. Bd3 fxg4+ 58. Kxg4 Kf6 59. h5 gxh5+
60. Kxh5 Bc5 61. e4 Be3 62. Bc4 Ke5 63. Bd5 Bd2 64. Kg4 Bb4 65. Kg5 Bd2+ 66. Kh5
Kd4 67. Bc6 Ke5 68. Kg4 Bb4 69. Bd5 Bd2 70. Bc6 Bb4 71. Kf3 h5 72. Bd5 1/2-1/2

[Event "3rd Riga Tech Uni Op"]
[Site "Riga LAT"]
[Date "2013.08.06"]
[Round "3.11"]
[White "Kveinys, Aloyzas"]
[Black "Thorfinnsson, Bjorn"]
[Result "1-0"]
[WhiteTitle "GM"]
[BlackTitle "IM"]
[WhiteElo "2491"]
[BlackElo "2403"]
[WhiteFideId "12800040"]
[BlackFideId "2300982"]
[EventDate "2013.08.05"]

1. d4 Nf6 2. Nf3 e6 3. g3 c5 4. Bg2 Nc6 5. O-O cxd4 6. Nxd4 Qb6 7. Nb3 d5 8.
N1d2 e5 9. e4 Bg4 10. Bf3 Bxf3 11. Qxf3 d4 12. c3 Rd8 13. Re1 dxc3 14. bxc3 a5
15. Nf1 a4 16. Be3 Qb5 17. Nbd2 Qd3 18. Rab1 Rd7 19. Bg5 Qxf3 20. Nxf3 Rd3 21.
Kg2 Nd7 22. Rxb7 f6 23. Rc7 Rd6 24. Rc8+ Nd8 25. Be3 Rc6 26. Ra8 a3 27. Rd1 Rxc3
28. Bd2 Rc4 29. Ne3 Rxe4 30. Ba5 Be7 31. Nf5 1-0

[Event "3rd Riga Tech Uni Op"]
[Site "Riga LAT"]
[Date "2013.08.06"]
[Round "3.13"]
[White "Socko, Bartosz"]
[Black "Stasans, Aivars"]
[Result "1/2-1/2"]
[WhiteTitle "GM"]
[WhiteElo "2646"]
[BlackElo "2128"]
[WhiteFideId "1107038"]
[BlackFideId "11601353"]
[EventDate "2013.08.05"]

1. d4 d5 2. c4 e6 3. Nc3 Bb4 4. e3 c5 5. dxc5 Nf6 6. Bd2 dxc4 7. Bxc4 Bxc5 8.
Nf3 Nc6 9. e4 h6 10. O-O e5 11. Be3 Qxd1 12. Nxd1 Bxe3 13. Nxe3 O-O 14. Bd5 Bd7
15. Nc4 Nb4 16. Ncxe5 Bb5 17. Rfd1 Nfxd5 18. exd5 Rfd8 19. d6 f6 20. Ng6 Nd3 21.
Ne7+ Kf7 22. Nf5 g6 23. Nxh6+ Kg7 24. Ng4 Rxd6 25. Rd2 Rad8 26. Rad1 R6d7 27.
Ne3 Bc6 28. b3 Kf7 29. Nh4 b5 30. g3 a5 31. f4 a4 32. bxa4 bxa4 33. Nc2 Be4 34.
Ng2 Bf3 35. Rf1 Be4 36. Nge3 Nc5 37. Rxd7+ Rxd7 38. Nb4 Rd4 39. a3 Rd2 40. Rf2
Rd7 41. Re2 Bb7 42. Rc2 Nb3 43. Kf2 Nd2 44. Nc4 Ne4+ 45. Ke2 Re7 46. Kd1 Kf8 47.
Kc1 Rc7 48. Nb6 Rxc2+ 49. Kxc2 Nc5 50. Kc3 Ke7 51. Kd4 Nb3+ 52. Kc4 Nd2+ 53. Kd3
Nf1 54. Nxa4 Nxh2 55. Nc5 Ba8 56. Ke2 Kd6 57. Ncd3 g5 58. Nc2 gxf4 59. Nxf4 Ng4
60. Kd3 Bc6 61. Kd4 Ne5 62. Nb4 Bb7 63. a4 Nf3+ 64. Kc4 Nd2+ 65. Kb5 Nf1 66. Kb6
Bc8 67. Nh5 Ne3 68. Nxf6 Nc4+ 69. Ka7 Ke6 70. Nfd5 Bd7 71. Nc3 Bxa4 72. Nxa4 Kf5
73. Nc3 Kg4 74. Ne2 Nd6 75. Nd3 Kf3 76. Ne5+ Kxe2 77. g4 Ke3 78. g5 Kf4 79. g6
Ne8 80. Nf7 Kf5 81. Nd6+ Kxg6 82. Nxe8 1/2-1/2

[Event "3rd Riga Tech Uni Op"]
[Site "Riga LAT"]
[Date "2013.08.06"]
[Round "3.14"]
[White "Aleksandrov, Aleksej"]
[Black "Beinoras, Mindaugas"]
[Result "0-1"]
[WhiteTitle "GM"]
[BlackTitle "IM"]
[WhiteElo "2626"]
[BlackElo "2378"]
[WhiteFideId "13500139"]
[BlackFideId "12802085"]
[EventDate "2013.08.05"]

1. d4 d5 2. c4 c6 3. Nc3 dxc4 4. e3 b5 5. a4 b4 6. Ne4 Qd5 7. Ng3 Nf6 8. Be2 e5
9. Nf3 exd4 10. exd4 Bd6 11. Nf1 Ba6 12. Ne3 Qe6 13. Qc2 c3 14. Ng5 Qd7 15. Bxa6
Nxa6 16. Qe2 Nc7 17. Ng4+ Ne6 18. Nxf6+ gxf6 19. Nxe6 Qxe6 20. bxc3 bxc3 21. Be3
f5 22. d5 cxd5 23. Qb5+ Kf8 24. O-O f4 25. Bc5 Rc8 26. Bxd6+ Qxd6 27. Rac1 Rg8
28. Rfd1 Rg5 29. h4 Rh5 30. Qd3 Qf6 31. g3 fxg3 32. fxg3 Rf5 33. Qd4 Rf1+ 0-1

[Event "3rd Riga Tech Uni Op"]
[Site "Riga LAT"]
[Date "2013.08.07"]
[Round "4.2"]
[White "Sipila, Vilka"]
[Black "Kveinys, Aloyzas"]
[Result "0-1"]
[WhiteTitle "IM"]
[BlackTitle "GM"]
[WhiteElo "2474"]
[BlackElo "2491"]
[WhiteFideId "505455"]
[BlackFideId "12800040"]
[EventDate "2013.08.05"]

1. e4 c5 2. c3 Nf6 3. e5 Nd5 4. d4 cxd4 5. Nf3 e6 6. cxd4 d6 7. Bc4 Be7 8. O-O
O-O 9. Qe2 Bd7 10. Bxd5 exd5 11. Nc3 Be6 12. Bf4 dxe5 13. dxe5 Nc6 14. Rfd1 Qa5
15. a3 Rad8 16. b4 Qb6 17. Rac1 d4 18. Na4 d3 19. Qb2 Qb5 20. Nc3 Qc4 21. Bg3
Nd4 22. Nxd4 Qxd4 23. Qd2 Bb3 24. Re1 Bg5 25. Qxg5 d2 26. Nb5 Qd5 27. Nc3 Qd3
28. f3 Qd4+ 29. Kh1 h6 30. Qf4 dxe1=Q+ 31. Rxe1 Qxc3 32. e6 Bxe6 33. h4 Rd5 34.
Kg1 Qd4+ 35. Kf1 Qxf4 36. Bxf4 Rd3 37. Re3 Rd1+ 0-1

[Event "3rd Riga Tech Uni Op"]
[Site "Riga LAT"]
[Date "2013.08.07"]
[Round "4.3"]
[White "Thorfinnsson, Bragi"]
[Black "Kovalenko, Igor"]
[Result "1/2-1/2"]
[WhiteTitle "IM"]
[BlackTitle "GM"]
[WhiteElo "2493"]
[BlackElo "2646"]
[WhiteFideId "2300958"]
[BlackFideId "14117908"]
[EventDate "2013.08.05"]

1. d4 g6 2. Nf3 f5 3. c4 Bg7 4. g3 Nf6 5. Bg2 O-O 6. O-O d6 7. Nc3 Qe8 8. d5 Na6
9. Qc2 c6 10. dxc6 bxc6 11. Rd1 Bd7 12. a3 Nc5 13. b4 Nce4 14. Bb2 Rc8 15. c5 d5
16. Ne5 Be6 17. e3 g5 18. Ne2 Nd7 19. Nxd7 Bxd7 20. Bxg7 Kxg7 21. Qb2+ Kg8 22.
Qe5 Nf6 23. h3 Qg6 24. Nd4 f4 25. Ne6 fxg3 26. fxg3 Rf7 27. Rf1 h6 28. Nd4 Rcf8
29. b5 cxb5 30. c6 Bc8 31. Ne6 Re8 32. Nc7 Ref8 33. Ne6 Re8 34. Nc7 Ref8 35. Ne6 1/2-1/2

[Event "3rd Riga Tech Uni Op"]
[Site "Riga LAT"]
[Date "2013.08.07"]
[Round "4.4"]
[White "Ehlvest, Jaan"]
[Black "Ziska, Helgi Dam"]
[Result "0-1"]
[WhiteTitle "GM"]
[BlackTitle "IM"]
[WhiteElo "2615"]
[BlackElo "2468"]
[WhiteFideId "4500016"]
[BlackFideId "7200595"]
[EventDate "2013.08.05"]

1. Nf3 Nf6 2. c4 g6 3. g3 Bg7 4. Bg2 O-O 5. O-O d6 6. d4 Nbd7 7. Qc2 e5 8. Rd1
exd4 9. Nxd4 Re8 10. Nc3 a6 11. b3 Rb8 12. h3 Qe7 13. Rb1 c5 14. Nf3 b5 15. Bf4
Rb6 16. Qd3 Bf8 17. e4 b4 18. Na4 Rc6 19. Re1 Ne5 20. Nxe5 dxe5 21. Be3 Nh5 22.
Rbd1 Ng7 23. f4 Nh5 24. Bc1 Qc7 25. f5 Rd6 26. Qf3 Red8 27. Rd5 Bd7 28. Nb2 Bc6
29. Nd3 Bxd5 30. exd5 Re8 31. g4 Nf6 32. Rxe5 Rxe5 33. Nxe5 Rxd5 34. Nxg6 Rd8
35. Nxf8 Kxf8 36. g5 Ne8 37. g6 hxg6 38. fxg6 Qe7 39. Be3 Rd1+ 40. Kh2 Rd7 41.
gxf7 Nf6 42. Bh6+ Kxf7 43. Qf5 Qe6 44. Qf2 Qe5+ 45. Bf4 Qf5 46. Qe3 Rd3 47. Qc1
Rd4 48. Bg3 Ne4 49. Bc7 Rd2 50. Qe1 Rxa2 51. Kh1 Nf2+ 52. Kh2 Nd3 53. Qe3 Qf1
54. Qe4 Qxg2+ 55. Qxg2 Rxg2+ 56. Kxg2 Nc1 57. Kf3 Nxb3 58. Ke2 a5 59. Kd3 a4 60.
Kc2 Kg6 61. Bd6 Kf5 62. Kb2 Ke4 63. h4 Kd4 64. h5 Nd2 65. Bxc5+ Kxc5 66. h6
Nxc4+ 0-1

[Event "3rd Riga Tech Uni Op"]
[Site "Riga LAT"]
[Date "2013.08.07"]
[Round "4.5"]
[White "Van Kampen, Robin"]
[Black "Pileckis, Emilis"]
[Result "1-0"]
[WhiteTitle "GM"]
[BlackTitle "IM"]
[WhiteElo "2606"]
[BlackElo "2467"]
[WhiteFideId "1020854"]
[BlackFideId "12802476"]
[EventDate "2013.08.05"]

1. e4 c5 2. Nf3 Nc6 3. Bb5 g6 4. Bxc6 dxc6 5. d3 Bg7 6. h3 Nf6 7. Nc3 O-O 8. O-O
e5 9. Nxe5 Nxe4 10. Nxe4 Bxe5 11. Nxc5 Qd5 12. Ne4 f5 13. Nc3 Qd6 14. Bh6 Re8
15. Re1 Bd7 16. Qd2 b5 17. a3 c5 18. Re3 Bc6 19. Rae1 b4 20. axb4 cxb4 21. Nd1
a5 22. R3e2 f4 23. f3 Qf6 24. Rxe5 Rxe5 25. Rxe5 Qxe5 26. Bxf4 Qe7 27. Bg5 Qd6
28. Ne3 Qd4 29. c3 Qc5 30. Bf6 bxc3 31. bxc3 Rf8 32. d4 Qa7 33. Ng4 h5 34. Qg5
Be8 35. Ne5 Qa6 36. Be7 Rf5 37. Qe3 Qe6 38. Bc5 Rf7 39. c4 Rf5 40. f4 a4 41. d5
Qf6 42. Nd3 Qd8 43. Ba3 g5 44. Qe6+ Rf7 45. Bb2 Qe7 46. Qg6+ Rg7 47. Qxg7+ Qxg7
48. Bxg7 Kxg7 49. fxg5 a3 50. Nb4 Kf7 51. Kf2 Ke7 52. Ke3 Bg6 53. h4 Bb1 54. Kd4
a2 55. Nxa2 Bxa2 56. c5 1-0

[Event "3rd Riga Tech Uni Op"]
[Site "Riga LAT"]
[Date "2013.08.07"]
[Round "4.6"]
[White "Collins, Sam E."]
[Black "Kulaots, Kaido"]
[Result "1/2-1/2"]
[WhiteTitle "IM"]
[BlackTitle "GM"]
[WhiteElo "2463"]
[BlackElo "2581"]
[WhiteFideId "2501198"]
[BlackFideId "4500261"]
[EventDate "2013.08.05"]

1. e4 c6 2. d4 d5 3. exd5 cxd5 4. c4 Nf6 5. Nc3 Nc6 6. Nf3 Be6 7. cxd5 Bxd5 8.
Be2 e6 9. O-O Be7 10. Qa4 O-O 11. Rd1 a6 12. Nxd5 Nxd5 13. Ne5 Rc8 14. Bf3 Qd6
15. Nc4 Qb4 16. Qxb4 Ncxb4 17. Ne3 Rfd8 18. a3 Nxe3 19. Bxe3 Nd5 20. Rac1 Rb8
21. Rc2 Kf8 22. Kf1 Ke8 23. Ke2 Rd6 24. Rdc1 Bd8 25. Rc8 Rxc8 26. Rxc8 Kd7 27.
Rc2 Rb6 28. Bxd5 exd5 29. h3 Rb3 30. f3 a5 31. Bf2 h5 32. Be3 g5 33. g4 h4 34.
Bc1 a4 35. Rc5 Ke6 36. Rc3 Rb6 37. Rc2 f5 38. Bd2 Rb3 39. Bc3 Be7 40. Kd3 f4 41.
Re2+ Kf7 42. Kc2 Bf6 43. Kd3 Rb6 44. Re1 Rc6 45. Re2 Rb6 46. Re1 Be7 47. Re5 Rb5
48. Re2 Bd6 49. Kc2 Rb6 50. Kd3 Rc6 51. Re1 Rc4 52. Rb1 Ke6 53. Re1+ Kd7 54. Re2
Rc8 55. Re1 b5 56. Re2 Rc6 57. Rc2 Ke6 58. Re2+ Kd7 59. Rc2 Rc8 60. Re2 Rc4 61.
Re1 Rc8 1/2-1/2

[Event "3rd Riga Tech Uni Op"]
[Site "Riga LAT"]
[Date "2013.08.07"]
[Round "4.8"]
[White "Agopov, Mikael"]
[Black "Burmakin, Vladimir"]
[Result "1/2-1/2"]
[WhiteTitle "IM"]
[BlackTitle "GM"]
[WhiteElo "2439"]
[BlackElo "2565"]
[WhiteFideId "501840"]
[BlackFideId "4105109"]
[EventDate "2013.08.05"]

1. e4 c6 2. d4 d5 3. e5 Bf5 4. Nf3 e6 5. Be2 Ne7 6. O-O h6 7. Nbd2 Nd7 8. Nb3
Bh7 9. a4 Ng6 10. g3 Be7 11. h4 O-O 12. h5 Nh8 13. Bd3 Bxd3 14. Qxd3 f6 15. exf6
Nxf6 16. Qe2 Nxh5 17. Qxe6+ Nf7 18. Ne5 Qd6 19. Nc5 Qxe6 20. Nxe6 Rfc8 21. Re1
Bd6 22. Nd3 Re8 23. Kg2 Re7 24. Bd2 Rae8 1/2-1/2

[Event "3rd Riga Tech Uni Op"]
[Site "Riga LAT"]
[Date "2013.08.07"]
[Round "4.9"]
[White "Miezis, Normunds"]
[Black "Lanka, Zigurds"]
[Result "1/2-1/2"]
[WhiteTitle "GM"]
[BlackTitle "GM"]
[WhiteElo "2557"]
[BlackElo "2427"]
[WhiteFideId "11600136"]
[BlackFideId "11600047"]
[EventDate "2013.08.05"]

1. c4 Nf6 2. Nc3 g6 3. g3 Bg7 4. Bg2 d6 5. e4 c5 6. Nge2 Nc6 7. O-O O-O 8. d3
Ne8 9. Be3 Nd4 10. Qd2 Rb8 11. Rab1 a5 12. Bh6 Bd7 13. Bxg7 Nxg7 14. f4 f5 15.
Rbe1 Bc6 16. exf5 gxf5 17. Nxd4 cxd4 18. Nb5 Bxb5 19. cxb5 Re8 20. Re2 Qb6 21.
Rfe1 e6 22. a4 Rbc8 23. Bf3 Kh8 24. g4 fxg4 25. Bxg4 Qc5 26. Rg2 Nf5 27. Bxf5
Qxf5 28. Rg3 Rg8 29. Re2 b6 30. Reg2 Rxg3 31. hxg3 Qg4 32. Qe1 Rg8 33. Kf2 Rc8
34. Kg1 Rg8 35. Kf2 Rc8 1/2-1/2

[Event "3rd Riga Tech Uni Op"]
[Site "Riga LAT"]
[Date "2013.08.07"]
[Round "4.10"]
[White "Socko, Monika"]
[Black "Neiksans, Arturs"]
[Result "1/2-1/2"]
[WhiteTitle "GM"]
[BlackTitle "GM"]
[WhiteElo "2431"]
[BlackElo "2557"]
[WhiteFideId "1106619"]
[BlackFideId "11601388"]
[EventDate "2013.08.05"]

1. d4 f5 2. g3 Nf6 3. Bg2 g6 4. Nf3 Bg7 5. O-O O-O 6. b3 d6 7. Bb2 Ne4 8. Nbd2
c5 9. e3 Nc6 10. c3 d5 11. c4 Be6 12. Qe2 Bf7 13. cxd5 Bxd5 14. Nc4 cxd4 15.
exd4 Qd7 16. Rad1 Rad8 17. Ne3 e6 18. Ne5 Qd6 19. N3c4 Qc7 20. Rc1 Bh6 21. f4
Bg7 22. Ne3 Qb6 23. Rfd1 Nxe5 24. dxe5 Bc6 25. Bxe4 Bxe4 26. Kf2 Rfe8 27. Ba3
Rxd1 28. Rxd1 Rc8 29. Kf1 Rc3 30. Nc4 Qc7 31. Rd4 Bf8 32. Bxf8 Kxf8 33. Qb2 Rc2
34. Qa3+ Kg7 35. Qd6 Qc6 36. Qe7+ Kh6 37. Qg5+ Kg7 38. Qf6+ Kh6 39. Qh4+ Kg7 40.
Qe7+ Kh6 41. Ke1 Bd3 42. Qg5+ 1/2-1/2